000 00700cab a2200205 4500
001 L135791
008 061212n2006 000 0 eng u
035 _a(Sirsi) u135791
041 0 _aeng
100 1 _aCunningham, Daniel
245 0 0 _aFocus Leeds offices
260 _c2006
490 0 _aEstates Gazette
_v(0648) 02 December 2006, 99-107 (6)
520 _aReports on the Wellington Place office development and investigates the low take-up of out of town office space which agents are blaming on call centre operators.
651 _aYORKSHIRE
651 _aLEEDS
690 _aPROPERTY-COMMERCIAL PROPERTY-OFFICE PROPERTY-OFFICE PROPERTY MARKET
700 1 _aGraham, James
942 _n0
999 _c77995
_d77995